000 00628nam a2200169Ia 4500
008 180921t1994 xxu||||| |||| 00| 0 eng d
041 _aeng
080 _a581.52
_bCEN
100 _aCentral environmental authority
245 _aWetland site report & conservation management plant : Wirawila-Tissa sanctuary & Yoda wewa
260 _bCentral environmental authority
_c1994
300 _a77p.,map., ill., 30 cm
650 _aEcology
_aMinistry of transport, highways, environment and women's affaris
_aSoil map of the Debara-Tissa -Yoda wewa area
942 _cBK
999 _c17083
_d17083
003 LK-CoDNM
040 _aLK-CoDNM
_dLK-CoDNM
_eLK-CoDNM